000 00659nam a2200229 i 4500
001 77815
003 ES-MaACL
005 20230906173406.0
007 t|
008 041110s1986 xxu ||||1| eng d
020 _a0-671-60740-5
080 _a001:1
080 _a159.955
100 1 _aMinsky, Marvin Lee.
_981376
245 1 4 _aThe society of mind /
_cMarvin Minsky ; illustrations by Juliana Lee.
260 _aNew York :
_bSimon and Schuster,
_c[1986]
300 _a339 p. :
_bil. ;
_c29 cm.
650 _aCiencia-
_xFilosofĂ­a.
_910950
650 1 4 _aPensamiento.
_915922
700 1 _aLee, Juliana.
_971185
852 _aES-MaACL
_jL-28406
_bR.134524
999 _c77815
_d77815